| 000 | 00637nam a2200133 i 4500 | ||
|---|---|---|---|
| 001 | 180334 | ||
| 003 | ES-MaACL | ||
| 005 | 20230906221050.0 | ||
| 008 | 120529s1856 sp |||| | spa d | ||
| 110 | 2 |
_aCompañia General de Crédito en España. _93120 |
|
| 245 | 1 | 0 |
_aEstatutos y reglamentos de la Compañía General de Crédito en España _b: seguidos de las disposiciones del gobierno relativas á su organización y constitución, de algunos acuerdos de la primera junta general, de las leyes de sociedades anónimas de crédito, y de las de concesión de dicha Compañía. |
| 300 |
_a30 p. ; _c21 cm. |
||
| 852 |
_aES-MaACL _jT-803-F-12 |
||
| 999 |
_c180334 _d180334 |
||